Evidencia a účtovné zobrazenie obežného majetku bakalárska práca

Na minha lista:
Detalhes bibliográficos
Autor principal: Knapiková, Darina
Autor Corporativo: Fakulta hospodárskej informatiky EU. Katedra účtovníctva a audítorstva
Outros Autores: Kňažková, Veronika, 1986-
Formato: Livro
Idioma:eslovaco
Publicado em: Bratislava 2014
Tags: Adicionar Tag
Sem tags, seja o primeiro a adicionar uma tag!

MARC

LEADER 00000nbm a2200000 4500
001 0189806
005 20170201111713.9
041 0 |a slo 
044 |a SK 
245 1 0 |a Evidencia a účtovné zobrazenie obežného majetku  |b bakalárska práca  |c Darina Knapiková ; školiteľ: Veronika Kňažková 
264 1 |a Bratislava  |c 2014 
300 |a 42 s. 
100 1 |a Knapiková, Darina 
700 1 |a Kňažková, Veronika, 1986- 
710 2 |a Fakulta hospodárskej informatiky EU. Katedra účtovníctva a audítorstva